[Event "CUB-ch 60th"]
[Site "Holguin"]
[Date "2024.02.13"]
[Round "9"]
[White "Albornoz Cabrera, Carlos Daniel"]
[Black "Diaz Perez, Michel Alejandro"]
[Result "1/2-1/2"]
[WhiteElo "2603"]
[BlackElo "2461"]
[PlyCount "95"]
[EventDate "2024.02.05"]
[EventType "swiss"]
[EventRounds "10"]
[EventCountry "CUB"]
[SourceTitle "CB10_2024"]
[SourceDate "2024.03.06"]
[SourceVersion "1"]
[SourceVersionDate "2024.03.06"]
[SourceQuality "1"]

1. e4 c6 2. d4 d5 3. e5 Bf5 4. Nf3 e6 5. Be2 Nd7 6. 0-0 a6 7. c3 h6 8. a4 Ne7 9. Na3 g5 10. Nc2 Bg7 11. Ne3 Bh7 12. b4 0-0 13. h4 gxh4 14. Nxh4 Ng6 15. Nxg6 Bxg6 16. Ng4 Kh7 17. Ra3 Rh8 18. c4 Kg8 19. Rh3 h5 20. Ne3 h4 21. Bd3 Bxd3 22. Qxd3 f5 23. exf6 Qxf6 24. cxd5 cxd5 25. Ng4 Qf7 26. Re1 Rh5 27. Rf3 Rf5 28. Rxf5 Qxf5 29. Qh3 Nf6 30. Nxf6+ Bxf6 31. Rxe6 Qxh3 32. gxh3 Bxd4 33. Bg5 Kf7 34. Re7+ Kg6 35. Rd7 Bxf2+ 36. Kxf2 Kxg5 37. Rxd5+ Kg6 38. Rd7 b5 39. axb5 axb5 40. Kf3 Ra3+ 41. Kg4 Rc3 42. Rd4 Kf6 43. Rf4+ Ke6 44. Kxh4 Ke5 45. Rg4 Kf6 46. Rf4+ Ke5 47. Rg4 Kf6 48. Rf4+ 1/2-1/2

[Event "Carlos Torre Memorial op 33rd"]
[Site "Merida"]
[Date "2023.12.15"]
[Round "1"]
[White "Diaz Perez, Michel Alejandro"]
[Black "Rosales Campos, Paul"]
[Result "1-0"]
[WhiteElo "2459"]
[BlackElo "2087"]
[PlyCount "181"]
[EventDate "2023.12.15"]
[EventType "swiss"]
[EventRounds "9"]
[EventCountry "MEX"]
[SourceTitle "CB52_2023"]
[SourceDate "2023.12.27"]
[SourceVersion "1"]
[SourceVersionDate "2023.12.27"]
[SourceQuality "1"]

1. d4 d5 2. c4 e6 3. Nf3 Nf6 4. Nc3 Bb4 5. cxd5 exd5 6. Bg5 h6 7. Bh4 0-0 8. e3 Bf5 9. Be2 Nbd7 10. Qb3 Bxc3+ 11. Qxc3 c6 12. Nd2 Ne4 13. Bxd8 Nxc3 14. bxc3 Rfxd8 15. a4 Kf8 16. Nf1 Ke7 17. g4 Bh7 18. Ng3 Kd6 19. Kd2 Nf6 20. f3 a5 21. h4 b5 22. g5 Nd7 23. axb5 cxb5 24. e4 dxe4 25. fxe4 b4 26. Rhb1 hxg5 27. hxg5 bxc3+ 28. Kxc3 Bg6 29. Rb7 Rdb8 30. e5+ Nxe5 31. dxe5+ Kxe5 32. Rxb8 Rxb8 33. Ra4 Rc8+ 34. Kd2 Rc5 35. Ke3 f6 36. gxf6 gxf6 37. Bd1 Rc3+ 38. Kf2 Rc5 39. Ne2 Bh5 40. Ke3 Bxe2 41. Bxe2 f5 42. Bd3 Rd5 43. Rh4 f4+ 44. Kd2 Rc5 45. Rh8 Kf6 46. Rf8+ Kg5 47. Ke2 Re5+ 48. Kf2 Rd5 49. Be4 Rc5 50. Rg8+ Kf6 51. Kf3 Ke5 52. Re8+ Kd4 53. Kxf4 Kc3 54. Ke3 a4 55. Ra8 Kb3 56. Kd4 Rc4+ 57. Kd3 Rb4 58. Bd5+ Kb2 59. Rh8 Rg4 60. Rh2+ Kc1 61. Kc3 Rg3+ 62. Kb4 a3 63. Bb3 Rd3 64. Kxa3 Rc3 65. Kb4 Rg3 66. Rc2+ Kb1 67. Ka3 Rg7 68. Rd2 Ra7+ 69. Ba4 Rc7 70. Rd6 Rc5 71. Kb3 Rc1 72. Bb5 Re1 73. Bd3+ Kc1 74. Kc3 Re7 75. Ra6 Rc7+ 76. Bc4 Rb7 77. Ra2 Rb8 78. Ra7 Rb6 79. Ra1+ Rb1 80. Ra2 Rb8 81. Rh2 Rd8 82. Rf2 Rd7 83. Rg2 Rd8 84. Be6 Rd6 85. Bb3 Rc6+ 86. Bc4 Rd6 87. Ra2 Rb6 88. Rc2+ Kb1 89. Rf2 Ka1 90. Rf8 Rb2 91. Ra8+ 1-0

[Event "Iberoamerican-ch 9th"]
[Site "Panama City"]
[Date "2023.11.26"]
[Round "3"]
[White "Diaz Perez, Michel Alejandro"]
[Black "Pazos Gambarrotti, Plinio Efrain"]
[Result "1-0"]
[WhiteElo "2459"]
[BlackElo "1995"]
[PlyCount "101"]
[EventDate "2023.11.25"]
[EventType "swiss"]
[EventRounds "9"]
[EventCountry "PAN"]
[SourceTitle "CB49_2023"]
[SourceDate "2023.12.06"]
[SourceVersion "1"]
[SourceVersionDate "2023.12.06"]
[SourceQuality "1"]

1. d4 Nf6 2. c4 e6 3. Nf3 d5 4. Nc3 Bb4 5. cxd5 exd5 6. Bg5 h6 7. Bh4 g5 8. Bg3 Ne4 9. Nd2 Nxc3 10. bxc3 Bd6 11. e3 h5 12. Bd3 Nc6 13. Rb1 Ne7 14. e4 c6 15. Qf3 Rh6 16. e5 Bc7 17. h4 g4 18. Qf4 Ng8 19. c4 Ba5 20. 0-0 Bxd2 21. Qxd2 dxc4 22. Bxc4 b5 23. Bb3 Be6 24. Rfc1 Bxb3 25. Rxb3 Rg6 26. d5 Qxd5 27. Rd3 Qe4 28. Rd4 Qf5 29. Rd1 Kf8 30. Qb4+ Kg7 31. Rf4 Qe6 32. Rd6 Qxa2 33. Qd4 Re6 34. Kh2 Rae8 35. Rf5 Qc4 36. Qd2 Rg6 37. Rxh5 Ree6 38. Rg5 Rxg5 39. Qxg5+ Rg6 40. Qd2 Nh6 41. h5 Re6 42. Rd4 Qc5 43. Qg5+ Kh7 44. Rd7 Qf8 45. Rxa7 Qg7 46. Qf4 Qf8 47. Bh4 Qb8 48. Rxf7+ Kg8 49. Re7 Rxe7 50. Bxe7 Nf7 51. Qxg4+ 1-0

[Event "Titled Tuesday intern op 24th Oct Late"]
[Site "Chess.com INT"]
[Date "2023.10.24"]
[Round "6"]
[White "Diaz Perez, Michel Alejandro"]
[Black "Shapiro, Viktor"]
[Result "1-0"]
[WhiteElo "2473"]
[BlackElo "2113"]
[PlyCount "115"]
[EventDate "2023.10.24"]
[EventType "swiss (blitz)"]
[EventRounds "11"]
[EventCountry "USA"]
[SourceTitle "Mega2024 Update 01"]
[Source "Chessbase"]
[SourceDate "2023.11.12"]
[SourceVersion "1"]
[SourceVersionDate "2023.11.12"]
[SourceQuality "1"]

1. Nf3 Nf6 2. c4 c5 3. Nc3 Nc6 4. d4 cxd4 5. Nxd4 d6 6. g3 e6 7. Bg2 Bd7 8. 0-0 Be7 9. Ndb5 Qb8 10. Bf4 Ne5 11. b3 a6 12. Nd4 Qc7 13. Rc1 Rc8 14. Qd2 Ng6 15. Bg5 0-0 16. Rfd1 h6 17. Be3 Rfd8 18. h3 Qb8 19. a4 Be8 20. a5 d5 21. cxd5 Bb4 22. dxe6 Qe5 23. exf7+ Bxf7 24. Qb2 Qxa5 25. Na4 Nd5 26. Rxc8 Rxc8 27. Bxd5 Bxd5 28. Nf5 Bf8 29. Nb6 Be6 30. Nxc8 Qxf5 31. g4 Qb5 32. Nd6 Qxb3 33. Qxb3 Bxb3 34. Rb1 Bxd6 35. Rxb3 b5 36. Rd3 Be7 37. Rd7 a5 38. Rb7 b4 39. f4 Bf6 40. Rb5 Ne7 41. Rxa5 b3 42. Rb5 b2 43. Bd2 Nd5 44. e3 Nc3 45. Bxc3 Bxc3 46. Kf2 Kf7 47. Ke2 g5 48. Kd3 Bf6 49. f5 Ke7 50. Kc2 Kf7 51. Rb7+ Kf8 52. Rxb2 Bxb2 53. Kxb2 Ke7 54. Kc3 Kd6 55. Kd4 Ke7 56. e4 Kf6 57. e5+ Ke7 58. Kd5 1-0

[Event "Titled Tuesday intern op 24th Oct Late"]
[Site "Chess.com INT"]
[Date "2023.10.24"]
[Round "8"]
[White "Grigoriants, Sergey"]
[Black "Diaz Perez, Michel Alejandro"]
[Result "1-0"]
[WhiteElo "2562"]
[BlackElo "2473"]
[PlyCount "77"]
[EventDate "2023.10.24"]
[EventType "swiss (blitz)"]
[EventRounds "11"]
[EventCountry "USA"]
[SourceTitle "Mega2024 Update 01"]
[Source "Chessbase"]
[SourceDate "2023.11.12"]
[SourceVersion "1"]
[SourceVersionDate "2023.11.12"]
[SourceQuality "1"]

1. d4 Nf6 2. c4 e6 3. g3 d5 4. Bg2 Be7 5. Nf3 0-0 6. Qc2 a6 7. Bf4 dxc4 8. Qxc4 Nd5 9. 0-0 b5 10. Qc2 Nd7 11. Nbd2 Bb7 12. Nb3 c5 13. dxc5 Rc8 14. Rad1 Nxc5 15. Nxc5 Bxc5 16. Qb3 Qb6 17. Ne5 Rfd8 18. Nd3 Be7 19. Bd2 h6 20. e4 Nf6 21. Be3 Qc7 22. f3 Qc4 23. Qxc4 bxc4 24. Ne5 c3 25. bxc3 Rxc3 26. Rxd8+ Bxd8 27. Bd4 Rc2 28. Rb1 Bc8 29. Bf1 Nd7 30. Nxd7 Bxd7 31. Rb8 Rc8 32. Rxc8 Bxc8 33. Kf2 f6 34. Ke3 Kf7 35. Bc4 Bc7 36. f4 Ke7 37. e5 fxe5 38. Bxe5 Bb7 39. Bxc7 1-0

[Event "Titled Tuesday intern op 19th Sep Early"]
[Site "Chess.com INT"]
[Date "2023.09.19"]
[Round "2"]
[White "Diaz Perez, Michel Alejandro"]
[Black "Kuznecova, Marija"]
[Result "1-0"]
[WhiteElo "2473"]
[BlackElo "2023"]
[PlyCount "41"]
[EventDate "2023.09.19"]
[EventType "swiss (blitz)"]
[EventRounds "11"]
[EventCountry "USA"]
[SourceTitle "EXT 2024"]
[Source "ChessBase"]
[SourceDate "2023.10.10"]
[SourceVersion "1"]
[SourceVersionDate "2023.10.10"]
[SourceQuality "1"]

1. Nf3 c5 2. c4 Nc6 3. Nc3 e5 4. d3 d6 5. g3 g6 6. Bg2 Bg7 7. Rb1 Nge7 8. a3 a5 9. 0-0 0-0 10. Nd2 Be6 11. Nd5 f5 12. e3 g5 13. b3 Ng6 14. Bb2 f4 15. Ne4 h6 16. Re1 Bxd5 17. cxd5 Nce7 18. Bh3 Kh7 19. Be6 Rh8 20. Qh5 Nf8 21. Nxg5# 1-0

[Event "Titled Tuesday intern op 19th Sep Early"]
[Site "Chess.com INT"]
[Date "2023.09.19"]
[Round "4"]
[White "Talibov, Shiroghlan"]
[Black "Diaz Perez, Michel Alejandro"]
[Result "0-1"]
[WhiteElo "2362"]
[BlackElo "2473"]
[PlyCount "72"]
[EventDate "2023.09.19"]
[EventType "swiss (blitz)"]
[EventRounds "11"]
[EventCountry "USA"]
[SourceTitle "EXT 2024"]
[Source "ChessBase"]
[SourceDate "2023.10.10"]
[SourceVersion "1"]
[SourceVersionDate "2023.10.10"]
[SourceQuality "1"]

1. d4 Nf6 2. c4 e6 3. Nf3 Bb4+ 4. Nc3 b6 5. Bg5 h6 6. Bh4 Bb7 7. e3 g5 8. Bg3 Ne4 9. Nd2 Nxc3 10. bxc3 Bxc3 11. Rc1 Bxd2+ 12. Qxd2 d6 13. h4 g4 14. h5 Nd7 15. Bh4 f6 16. Be2 Rg8 17. e4 Qe7 18. Qxh6 Bxe4 19. Qe3 Bxg2 20. Rg1 Bb7 21. Rxg4 0-0-0 22. Kd2 Qf7 23. Rcg1 Rxg4 24. Bxg4 Re8 25. f4 f5 26. Be2 e5 27. fxe5 dxe5 28. d5 e4 29. Qh6 f4 30. Rg7 Qf8 31. d6 e3+ 32. Ke1 f3 33. Bd3 f2+ 34. Kf1 e2+ 35. Bxe2 Rxe2 36. Rg8 Re1# 0-1

[Event "Titled Tuesday intern op 12th Sep Late"]
[Site "Chess.com INT"]
[Date "2023.09.12"]
[Round "6"]
[White "Diaz Perez, Michel Alejandro"]
[Black "Hajiyev, Kanan"]
[Result "1-0"]
[WhiteElo "2473"]
[BlackElo "2113"]
[PlyCount "31"]
[EventDate "2023.09.12"]
[EventType "swiss (blitz)"]
[EventRounds "11"]
[EventCountry "USA"]
[SourceTitle "EXT 2024"]
[Source "ChessBase"]
[SourceDate "2023.10.10"]
[SourceVersion "1"]
[SourceVersionDate "2023.10.10"]
[SourceQuality "1"]

1. e4 c6 2. c4 d5 3. exd5 cxd5 4. d4 Nf6 5. Nc3 e6 6. Nf3 Bb4 7. cxd5 Nxd5 8. Qc2 Nc6 9. Bd3 Nf6 10. 0-0 0-0 11. Rd1 b6 12. Ne4 Bb7 13. Nxf6+ Qxf6 14. Bg5 Nxd4 15. Bxh7+ Kh8 16. Rxd4 1-0

[Event "Titled Tuesday intern op 12th Sep Late"]
[Site "Chess.com INT"]
[Date "2023.09.12"]
[Round "5"]
[White "Matlakov, Maxim"]
[Black "Diaz Perez, Michel Alejandro"]
[Result "1-0"]
[WhiteElo "2674"]
[BlackElo "2473"]
[PlyCount "73"]
[EventDate "2023.09.12"]
[EventType "swiss (blitz)"]
[EventRounds "11"]
[EventCountry "USA"]
[SourceTitle "EXT 2024"]
[Source "ChessBase"]
[SourceDate "2023.10.10"]
[SourceVersion "1"]
[SourceVersionDate "2023.10.10"]
[SourceQuality "1"]

1. d4 Nf6 2. Nf3 e6 3. Bg5 c5 4. d5 exd5 5. e3 Nc6 6. Nc3 Be7 7. Nxd5 Nxd5 8. Qxd5 Nb4 9. Bxe7 Qxe7 10. Qd2 0-0 11. a3 Nc6 12. 0-0-0 Rd8 13. Qd6 Qxd6 14. Rxd6 Kf8 15. Bc4 Ke7 16. Rhd1 f6 17. g4 b6 18. g5 Bb7 19. gxf6+ gxf6 20. Nh4 Nd4 21. R1xd4 cxd4 22. Nf5+ Ke8 23. Rxf6 d5 24. Bb5+ Rd7 25. exd4 Rad8 26. Kd2 Bc8 27. Ke3 a6 28. Bc6 b5 29. Kf4 Bb7 30. Bxd7+ Rxd7 31. Ke5 Rc7 32. Nd6+ Kd8 33. Rf8+ Kd7 34. Rf7+ Kc6 35. Rxc7+ Kxc7 36. Nxb7 Kxb7 37. Kxd5 1-0

[Event "Titled Tuesday intern op 29th Aug Early"]
[Site "Chess.com INT"]
[Date "2023.08.29"]
[Round "6"]
[White "Bournel, Antoine"]
[Black "Diaz Perez, Michel Alejandro"]
[Result "0-1"]
[WhiteElo "2329"]
[BlackElo "2473"]
[PlyCount "144"]
[EventDate "2023.08.29"]
[EventType "swiss (blitz)"]
[EventRounds "11"]
[EventCountry "USA"]
[SourceTitle "EXT 2024"]
[Source "ChessBase"]
[SourceDate "2023.10.10"]
[SourceVersion "1"]
[SourceVersionDate "2023.10.10"]
[SourceQuality "1"]

1. Nf3 Nf6 2. b3 b6 3. g3 Bb7 4. Bg2 e6 5. Bb2 Be7 6. 0-0 0-0 7. c4 c5 8. d4 cxd4 9. Nxd4 Bxg2 10. Kxg2 Qc8 11. Nc3 Qb7+ 12. f3 d5 13. cxd5 Nxd5 14. Nxd5 Qxd5 15. e4 Qb7 16. Rc1 Na6 17. Qe2 Nc5 18. Rfd1 Rac8 19. Rc2 Rfd8 20. h4 a6 21. Rcd2 h6 22. Nc2 Rxd2 23. Rxd2 b5 24. Ne3 a5 25. Ng4 a4 26. Qe3 Bf8 27. h5 axb3 28. axb3 b4 29. Rc2 Nd7 30. Rxc8 Qxc8 31. Qd4 f6 32. Ne3 Qc6 33. Qc4 Qb6 34. Bd4 Qb7 35. Qxe6+ Kh7 36. Nd5 Nc5 37. Bxc5 Bxc5 38. Nf4 Qa7 39. Ng6 Qb8 40. Qf7 Qd8 41. Nf4 Be3 42. Ne6 Qg8 43. Nf8+ Kh8 44. Ng6+ Kh7 45. Nf8+ Kh8 46. Qxg8+ Kxg8 47. Ng6 Kf7 48. Kf1 Ke6 49. Ke2 Bd4 50. Kd3 Bf2 51. g4 Be1 52. Kc4 Bd2 53. f4 Be1 54. f5+ Kf7 55. Kd4 Bd2 56. Kd5 Bc3 57. e5 fxe5 58. Nxe5+ Kf6 59. Nf3 Bb2 60. Kc5 Bc3 61. Kc4 Kf7 62. Kd3 Kf6 63. Ke4 Bb2 64. Kf4 Bc1+ 65. Ke4 Bb2 66. Ne1 Kg5 67. Kf3 Bc3 68. Nd3 Kf6 69. Nf4 Bd2 70. Nd5+ Ke5 71. Nb6 Kd4 72. Na4 Kd3 0-1

[Event "Titled Tuesday intern op 29th Aug Early"]
[Site "Chess.com INT"]
[Date "2023.08.29"]
[Round "7"]
[White "Diaz Perez, Michel Alejandro"]
[Black "Aswath, S."]
[Result "1-0"]
[WhiteElo "2473"]
[BlackElo "2335"]
[PlyCount "65"]
[EventDate "2023.08.29"]
[EventType "swiss (blitz)"]
[EventRounds "11"]
[EventCountry "USA"]
[SourceTitle "EXT 2024"]
[Source "ChessBase"]
[SourceDate "2023.10.10"]
[SourceVersion "1"]
[SourceVersionDate "2023.10.10"]
[SourceQuality "1"]

1. e4 g6 2. d4 Bg7 3. Nc3 d6 4. f4 a6 5. a4 Nf6 6. Nf3 Bg4 7. h3 Bxf3 8. Qxf3 Nc6 9. Be3 e5 10. fxe5 dxe5 11. d5 Nd4 12. Qf2 0-0 13. Bd3 c6 14. dxc6 Nxc6 15. 0-0 Nd4 16. Bg5 Ng4 17. Qh4 f6 18. Bc1 Qb6 19. Kh1 f5 20. hxg4 fxe4 21. Rxf8+ Rxf8 22. Nxe4 Nxc2 23. Bh6 Ne3 24. Bxg7 Kxg7 25. Qe7+ Rf7 26. Qxe5+ Kg8 27. Ng5 Nxg4 28. Qe8+ Rf8 29. Bc4+ Kg7 30. Ne6+ Kh6 31. Qxf8+ Kh5 32. Qf3 Qd6 33. Qh3# 1-0

[Event "Titled Tuesday intern op 29th Aug Early"]
[Site "Chess.com INT"]
[Date "2023.08.29"]
[Round "8"]
[White "Kukhmazov, Arsen"]
[Black "Diaz Perez, Michel Alejandro"]
[Result "1/2-1/2"]
[WhiteElo "2504"]
[BlackElo "2473"]
[PlyCount "76"]
[EventDate "2023.08.29"]
[EventType "swiss (blitz)"]
[EventRounds "11"]
[EventCountry "USA"]
[SourceTitle "EXT 2024"]
[Source "ChessBase"]
[SourceDate "2023.10.10"]
[SourceVersion "1"]
[SourceVersionDate "2023.10.10"]
[SourceQuality "1"]

1. d4 Nf6 2. c4 e6 3. Nf3 d5 4. e3 a6 5. b3 b6 6. Bd3 Bb7 7. 0-0 Nbd7 8. Bb2 Bd6 9. Qe2 0-0 10. Nbd2 Ne4 11. Rad1 Qe7 12. Ne5 Nxe5 13. dxe5 Bb4 14. Nxe4 dxe4 15. Bc2 Rfd8 16. Rd4 Bc5 17. Rxd8+ Rxd8 18. Rd1 Rd7 19. Bc3 a5 20. Rd2 Qd8 21. Rxd7 Qxd7 22. h4 Bb4 23. Bd4 Be7 24. Qg4 c5 25. Bc3 Qc6 26. h5 h6 27. Qd1 Kf8 28. a3 Ke8 29. Qg4 Kf8 30. Qd1 Qc7 31. g3 Kg8 32. Kh2 Kf8 33. Qg4 Qc6 34. Qd1 Qc7 35. Kh3 Kg8 36. Qd2 Kf8 37. Qd1 Kg8 38. Kh2 Kf8 1/2-1/2